Sports Quiz

Random Sports Quiz

Cycling: Multiple Grand Tour Winners Quiz Stats

 Plays Quiz not verified by Sporcle

Also try: MLB Teams Last MVP
Challenge
Share
Tweet
Embed
Score 0/55 Timer 05:00
1 Play Today
Grand Tours Cyclist % Correct
11: 5T - 5G - 1VEddy Merckx
99.4%
10: 5T - 3G - 2VBernard Hinault
98.5%
7: 7T(0) - 0G - 0VLance Armstrong
98.5%
6: 4T - 1G - 1VChris Froome
98.3%
9: 3T(2) - 3G(2) - 3VAlberto Contador
98.1%
7: 5T - 2G - 0VMiguel Indurain
97.1%
8: 5T - 2G - 1VJacques Anquetil
93.5%
7: 2T - 5G - 0VFausto Coppi
92.9%
3: 3T - 0G - 0VGreg Lemond
91.6%
4: 1T - 2G - 1VVincenzo Nibali
89.7%
5: 2T - 3G - 0VGino Bartali
83.9%
3: 2T - 1G - 0VLaurent Fignon
80%
4: 0T - 1G - 3VTony Rominger
78.7%
2: 0T - 1G - 1VNairo Quintana
78.1%
2: 1T - 0G - 1VJan Ullrich
76.8%
4: 0T - 0G - 4V(3)Roberto Heras
76%
2: 1T - 1G - 0VStephen Roche
75.4%
3: 1T - 2G - 0VCharly Gaul
74.3%
2: 0T - 1G - 1V(2)Denis Menchov
72.7%
3: 3T - 0G - 0VLouison Bobet
71%
2: 1T - 1G - 0VMarco Pantani
69.7%
2: 1T - 0G - 1VJoop Zoetemelk
68.9%
5: 1T - 3G - 1VFelice Gimondi
68.3%
2: 0T - 0G - 2VAlex Zülle
64.7%
2: 0T - 2G - 0VIvan Basso
61%
2: 0T - 2G - 0VGilberto Simoni
59.5%
3: 1T - 0G - 2VPedro Delgado
58.5%
5: 0T - 5G - 0VAlfredo Binda
57.4%
Grand Tours Cyclist % Correct
2: 2T - 0G - 0VBernard Thévenet
56.4%
2: 0T - 2G - 0VPaolo Savoldelli
53.2%
2: 1T - 0G - 1VJan Janssen
53%
2: 1T - 1G - 0VHugo Koblet
52.8%
2: 1T - 0G - 1VLuis Ocaña
47.6%
3: 3T - 0G - 0VPhilippe Thys
44.5%
2: 0T - 2G - 0VGiuseppe Saronni
39.7%
2: 2T - 0G - 0VSylvère Maes
38%
2: 0T - 2G - 0VIvan Gotti
37.8%
2: 2T - 0G - 0VNicolas Frantz
37.6%
3: 0T - 3G - 0VFiorenzo Magni
34.7%
2: 2T - 0G - 0VLucien Petit-Breton
34.4%
2: 1T - 1G - 0VGastone Nencini
33.6%
2: 2T - 0G - 0VOttavio Bottecchia
33.4%
2: 2T - 0G - 0VAntonin Magne
31.5%
2: 0T - 2G - 0VCostante Girardengo
29.2%
2: 2T - 0G - 0VAndré Leducq
25.5%
2: 1T - 0G - 1VRoger Pingeon
24.8%
2: 2T - 0G - 0VFirmin Lambot
24.2%
2: 0T - 1G - 1VGiovanni Battaglin
23%
2: 0T - 0G - 2VJosé Manuel Fuente
17.3%
2: 0T - 2G - 0VFranco Balmamion
16.9%
2: 0T - 0G - 2VGustaaf Deloor
15.2%
3: 0T - 3G - 0VGiovanni Brunero
13.6%
2: 0T - 2G - 0VCarlo Galetti
9.6%
2: 0T - 0G - 2VJulián Berrendero
9.6%
2: 0T - 2G - 0VGiovanni Valetti
9%

You're not logged in!

Compare scores with friends on all Sporcle quizzes.
Join for Free
OR
Log In

You Might Also Like...

Show Comments

Extras

Top Quizzes Today


Score Distribution

Your Account Isn't Verified!

In order to create a playlist on Sporcle, you need to verify the email address you used during registration. Go to your Sporcle Settings to finish the process.

Report this User

Report this user for behavior that violates our Community Guidelines.

Details: